| 000 | 00901nam a2200241 a 4500 | ||
|---|---|---|---|
| 001 | 000024427 | ||
| 005 | 20200930023153.0 | ||
| 008 | 110127s1945 ag r 001 0 spa d | ||
| 040 |
_aDO-SdBNP _bspa _cBNPHU |
||
| 041 | 1 | 7 |
_aspa _hfre _2Código de idiomas MARC |
| 082 |
_ann* _bnn* |
||
| 100 | 1 |
_aMaritain, Jacques. _950073 |
|
| 240 | 1 | 0 |
_aScience et sagesse. _lEspañol |
| 245 | 1 | 0 |
_aCiencia y sabiduría / _cJacques Maritain ; traducción de Octavio N. Dersi y Eugenio E. Melo ; prólogo de Octavio N. Derisi. |
| 260 |
_aBuenos Aires : _bDesclée de Brouwer, _c1945. |
||
| 300 |
_a227, [1] p. ; _c20 cm. |
||
| 534 |
_aTítulo original : _tScience et sagesse |
||
| 500 | _aIncluye índice bibliográfico. | ||
| 500 | _aIncluye referencias bibliográficas y notas al pie de las páginas. | ||
| 700 | 1 |
_aDerisi, Octavio N., _etr. _950074 |
|
| 700 | 1 |
_aMelo, Eugenio E., _etr. _950075 |
|
| 049 | _aBNGR | ||
| 999 |
_c23920 _d23920 |
||